Priame zahraničné investície na Slovensku v roku 2004
Prílev PZI na Slovensko v roku 2004, prílev kapitálu podľa územného smerovania. Pôvod equity kapitálu, celkový stav equity kapitálu v roku 2004 v SR podľa krajiny investora, podľa odvetvového smerovania. Aktivity MH SR v oblasti podpory prílevu PZI. Úloha podnikateľského prostredia. V rebríčku krají...
Uložené v:
| Hlavný autor: | |
|---|---|
| Médium: | Kapitola |
| Jazyk: | Slovak |
| Predmet: | |
| Tagy: |
Žiadne tagy, Buďte prvý, kto otaguje tento záznam!
|
MARC
| LEADER | 00000naa$a2200000$$$4500 | ||
|---|---|---|---|
| 001 | 0045337 | ||
| 005 | 20221128095513.5 | ||
| 041 | 0 | |a slo | |
| 044 | |a SK | ||
| 245 | 1 | 0 | |a Priame zahraničné investície na Slovensku v roku 2004 |c Andrea Aradyová |
| 520 | |a Prílev PZI na Slovensko v roku 2004, prílev kapitálu podľa územného smerovania. Pôvod equity kapitálu, celkový stav equity kapitálu v roku 2004 v SR podľa krajiny investora, podľa odvetvového smerovania. Aktivity MH SR v oblasti podpory prílevu PZI. Úloha podnikateľského prostredia. V rebríčku krajín s najlepším podnikateľským prostredím sa SR umiestnilo na 37. mieste, pred Českom, Poľskom a Maďarskom. | ||
| 610 | 2 | 0 | |a investície priame zahraničné |
| 610 | 2 | 0 | |a Slovensko |
| 610 | 2 | 0 | |a 2004 |
| 610 | 2 | 0 | |a projekty investičné |
| 610 | 2 | 0 | |a prostredie podnikateľské |
| 100 | 1 | |a Aradyová, Andrea | |